[Event "Detroit (MI Op/5/41)"]
[Site "?"]
[Date "1992.??.??"]
[Round "?"]
[White "Thurman, John"]
[Black "McIntosh, S."]
[Result "0-1"]
[WhiteElo "1755"]
[BlackElo "1870"]
[PlyCount "111"]
[EventDate "1992.??.??"]

{5/(41)} 1. d4 Nf6 2. Nf3 g6 3. Nc3 d5 4. Bg5 Bg7 5. e3 O-O 6. Bd3 c6 7. O-O
Nbd7 8. h3 Re8 9. e4 dxe4 10. Nxe4 Nxe4 11. Bxe4 Nf6 12. Bd3 Qc7 13. Qd2 Be6
14. Bf4 Qd7 15. Kh2 Rad8 16. Rad1 Nh5 17. c3 Nxf4 18. Qxf4 Bd5 19. Rfe1 Qd6 20.
Qxd6 Rxd6 21. Be4 Bxe4 22. Rxe4 e6 23. Ne5 Red8 24. Rde1 Rd5 25. g4 c5 26. Nf3
cxd4 27. cxd4 Bxd4 28. Nxd4 Rxd4 29. R4e2 Rd2 30. Kg3 Kg7 31. Kf4 Kf6 32. g5+
Ke7 33. h4 R8d5 34. f3 Kd6 35. Kg4 Rxe2 36. Rxe2 e5 37. h5 Ke6 38. hxg6 hxg6
39. f4 f6 40. gxf6 Kxf6 41. fxe5+ Rxe5 42. Rc2 a5 43. Rc7 b6 44. b3 Re6 45. Rb7
Ke5 46. Rc7 Kd5 47. Rc2 Rc6 48. Rd2+ Ke6 49. Kg5 Ke5 50. Kg4 Ke4 51. Rd8 Rc2
52. Rd6 b5 53. Ra6 Rxa2 54. Kg5 b4 55. Kxg6 Kd4 56. Rf6 0-1

[Event "Detroit (MI Op/4/45)"]
[Site "?"]
[Date "1992.??.??"]
[Round "?"]
[White "Thurman, John"]
[Black "Garrison, Ray"]
[Result "1-0"]
[WhiteElo "1755"]
[BlackElo "1895"]
[PlyCount "119"]
[EventDate "1992.??.??"]

{4/(45)} 1. d4 f5 2. c4 Nf6 3. Nc3 g6 4. Nf3 d6 5. Bg5 Bg7 6. g3 c6 7. Bg2 O-O
8. O-O h6 9. Be3 Qe8 10. Qb3 Kh8 11. Rad1 g5 12. Rd3 e5 13. dxe5 dxe5 14. Ne1
Qh5 15. f3 Na6 16. Nc2 f4 17. Bf2 e4 18. Nxe4 Nxe4 19. fxe4 fxg3 20. hxg3 Bh3
21. Rf3 g4 22. Rf5 Rxf5 23. exf5 Bxg2 24. Kxg2 Qxf5 25. Qxb7 Rf8 26. Qxa6 Qxc2
27. Qxc6 Qxe2 28. b4 Qxa2 29. Qe4 Qd2 30. c5 Rb8 31. c6 Qxb4 32. Qxb4 Rxb4 33.
Rc1 Rb8 34. c7 Rc8 35. Bxa7 Be5 36. Bb6 Kg7 37. Rd1 Bf6 38. Rd8 Bxd8 39. cxd8=Q
Rxd8 40. Bxd8 Kg6 41. Kf2 Kf5 42. Ke3 Ke5 43. Bh4 h5 44. Bd8 Ke6 45. Kf4 Kf7
46. Kf5 h4 47. Bxh4 Kg7 48. Kxg4 Kg6 49. Bd8 Kf7 50. Kf5 Kg7 51. Kg5 Kf7 52.
Kh6 Kg8 53. g4 Kh8 54. g5 Kg8 55. Kg6 Kh8 56. Kf7 Kh7 57. g6+ Kh6 58. g7 Kh5
59. g8=Q Kh6 60. Qg6# 1-0

[Event "Detroit (MI Op/1b/15)"]
[Site "?"]
[Date "1992.??.??"]
[Round "?"]
[White "Thurman, John"]
[Black "Aldrich, Jeff"]
[Result "0-1"]
[WhiteElo "1755"]
[BlackElo "1950"]
[PlyCount "34"]
[EventDate "1992.??.??"]

1. d4 d5 2. c4 e6 3. Nc3 Nf6 4. Bg5 Nbd7 5. e3 c6 6. Nf3 Be7 7. Rc1 h6 8. Bh4
O-O 9. Bd3 dxc4 10. Bxc4 b5 11. Bd3 Bb7 12. Qb3 a6 13. a4 Rc8 14. Bxf6 Nxf6 15.
axb5 cxb5 16. O-O Nd5 17. Be4 Nxc3 0-1

[Event "Detroit (MOR/2/91)"]
[Site "?"]
[Date "1992.??.??"]
[Round "?"]
[White "Thornton, Ivan"]
[Black "Puryear, Douglas"]
[Result "0-1"]
[WhiteElo "1605"]
[BlackElo "1605"]
[PlyCount "95"]
[EventDate "1992.??.??"]

{2/(91)} 1. e4 e5 2. Bc4 Bc5 3. Qh5 Qf6 4. Qf3 Nc6 5. Qxf6 Nxf6 6. d3 Nd4 7.
Bb3 Nxb3 8. cxb3 Ng4 9. Nh3 O-O 10. Nc3 c6 11. Bd2 b5 12. O-O-O Bxf2 13. Ng5
Bh4 14. Nh3 d6 15. Rdf1 Nf6 16. g3 Bxh3 17. Rfg1 Bxg3 18. hxg3 Bg4 19. Bg5 Nd7
20. Be7 Rfe8 21. Bxd6 Re6 22. Ba3 a5 23. b4 a4 24. Nb1 Rf6 25. Rf1 Be6 26. Nc3
Rxf1+ 27. Rxf1 Nf6 28. Kc2 Ng4 29. Re1 Rd8 30. b3 axb3+ 31. axb3 f5 32. Bb2 f4
33. gxf4 exf4 34. Ne2 f3 35. Nd4 f2 36. Rf1 Ne3+ 37. Kd2 Nxf1+ 38. Ke2 Nd2 39.
Kxf2 Kf7 40. Nxc6 Rxd3 41. Ke2 Rd7 42. Nd4 Nxb3 43. Nxb5 Rd2+ 44. Ke3 Rxb2 45.
e5 Nc1 46. Kd4 Ke8 47. Kc5 Kd8 48. Kb6 0-1

[Event "Detroit (MOR/6/104)"]
[Site "?"]
[Date "1992.??.??"]
[Round "?"]
[White "Thornton, Ivan"]
[Black "Holland, K."]
[Result "1-0"]
[WhiteElo "1605"]
[BlackElo "1605"]
[PlyCount "107"]
[EventDate "1992.??.??"]

{6/(104)} 1. e4 e6 2. Nf3 d5 3. d3 Bb4+ 4. c3 Ba5 5. Na3 c6 6. b4 Bb6 7. Bb2
dxe4 8. Ne5 Nf6 9. c4 Nbd7 10. c5 Bc7 11. Nxd7 Qxd7 12. Qc2 Bf4 13. g3 Bg5 14.
h4 Bh6 15. Nc4 Qd5 16. Nd6+ Ke7 17. Bxf6+ gxf6 18. dxe4 Qd4 19. Rb1 Rd8 20. Bg2
e5 21. O-O Bf8 22. a3 Be6 23. Nxb7 Rd7 24. Nd6 Kd8 25. Rbd1 Qxd1 26. Rxd1 Bxd6
27. Rxd6 Ke7 28. Rxd7+ Bxd7 29. Qd3 h5 30. f4 Rd8 31. Qd6+ Ke8 32. Qxf6 Bg4 33.
Qxe5+ Kf8 34. Kh2 Rd2 35. Qb8+ Kg7 36. Qe5+ Kf8 37. Qc3 Re2 38. f5 a5 39. bxa5
Ke7 40. Kg1 Ra2 41. Bf3 Bxf3 42. Qxf3 Ra1+ 43. Kh2 Ra2+ 44. Kh3 f6 45. Qxh5
Rxa3 46. Qh7+ Kf8 47. Qg6 Ke7 48. e5 fxe5 49. Qe6+ Kf8 50. Qxe5 Rxa5 51. Qd6+
Kg8 52. Qe6+ Kf8 53. Qxc6 Kf7 54. Qc7+ 1-0

[Event "Lansing (Apr)"]
[Site "?"]
[Date "1992.??.??"]
[Round "?"]
[White "Thompson, Dexter"]
[Black "Rajlich, Vasik"]
[Result "1-0"]
[WhiteElo "2285"]
[BlackElo "2030"]
[PlyCount "41"]
[EventDate "1992.??.??"]

1. e4 e5 2. Nf3 Nc6 3. d4 exd4 4. c3 dxc3 5. Bc4 d6 6. Nxc3 Nf6 7. Qb3 Qd7 8.
Ng5 Ne5 9. Bb5 c6 10. f4 cxb5 11. fxe5 dxe5 12. Be3 b6 13. Rd1 Qb7 14. O-O Bg4
15. Qxb5+ Nd7 16. Nxf7 Bxd1 17. Rxd1 a6 18. Qc4 Nf6 19. Nxh8 g6 20. Qe6+ Qe7
21. Qc6+ 1-0

[Event "Lansing (Aug)"]
[Site "?"]
[Date "1992.??.??"]
[Round "?"]
[White "Thompson, Dexter"]
[Black "Gabbara, Faris"]
[Result "1-0"]
[WhiteElo "2315"]
[BlackElo "2090"]
[PlyCount "79"]
[EventDate "1992.??.??"]

1. d4 d5 2. c4 e6 3. Nc3 c5 4. cxd5 exd5 5. Nf3 Nc6 6. g3 Nf6 7. Bg2 Be7 8. O-O
O-O 9. Bg5 cxd4 10. Nxd4 Re8 11. Rc1 h6 12. Bf4 a6 13. a3 Be6 14. Nxc6 bxc6 15.
Na4 Qa5 16. b4 Qb5 17. Nc5 a5 18. Bd2 axb4 19. Bxb4 Bg4 20. Re1 Bf8 21. Bf1
Rad8 22. Qc2 g6 23. h3 Bc8 24. e3 Qb8 25. Ba5 Bf5 26. Qc3 Bxc5 27. Qxf6 Rd6 28.
Qa1 Ba7 29. Bc3 Qd8 30. Bb4 Rde6 31. Bc5 Bxc5 32. Rxc5 d4 33. Rd1 d3 34. Qc3
Qd6 35. Rd2 Rd8 36. Bg2 Qb8 37. Rxc6 Rxc6 38. Qxc6 Rc8 39. Qb7 Rc1+ 40. Kh2 1-0

[Event "Lansing (Aug)"]
[Site "?"]
[Date "1992.??.??"]
[Round "?"]
[White "Thompson, Dexter"]
[Black "Fuller, William"]
[Result "1-0"]
[WhiteElo "2315"]
[BlackElo "2030"]
[PlyCount "71"]
[EventDate "1992.??.??"]

1. e4 c5 2. d4 cxd4 3. c3 dxc3 4. Nxc3 Nc6 5. Nf3 e6 6. Bc4 Bb4 7. O-O Nge7 8.
Bg5 f6 9. Bf4 Bxc3 10. bxc3 d5 11. exd5 Nxd5 12. Bc1 O-O 13. Qc2 e5 14. Rd1 Be6
15. Ba3 Rf7 16. Bxd5 Bxd5 17. c4 Qa5 18. cxd5 Qxa3 19. dxc6 bxc6 20. Qxc6 Rff8
21. Qd5+ Kh8 22. Rd3 Qe7 23. Qe4 Rac8 24. Rad1 Qe6 25. Qd5 Qg4 26. Qd7 Qc4 27.
Qd5 e4 28. Qxc4 Rxc4 29. Rd4 Rc2 30. Rxe4 Rxa2 31. h3 h6 32. Re7 Rc8 33. Rdd7
Rc1+ 34. Kh2 Rxf2 35. Rxg7 a5 36. Nh4 1-0

[Event "Detroit (MI Op/3/20)"]
[Site "?"]
[Date "1992.??.??"]
[Round "?"]
[White "Thompson, Dexter"]
[Black "Forte, Joe"]
[Result "1-0"]
[WhiteElo "2315"]
[BlackElo "1940"]
[PlyCount "77"]
[EventDate "1992.??.??"]

{3/(20)} 1. e4 c5 2. d4 cxd4 3. c3 d3 4. Bxd3 Nc6 5. Nf3 d6 6. O-O g6 7. Bc4
Bg7 8. Qb3 e6 9. Bf4 Nf6 10. e5 dxe5 11. Nxe5 Nxe5 12. Bxe5 O-O 13. Na3 Qa5 14.
Bd6 Rd8 15. Nb5 Rd7 16. Rad1 Bf8 17. Be5 Ng4 18. Rxd7 Bxd7 19. Bc7 b6 20. a4 a6
21. Nd4 Qxa4 22. Qxa4 Bxa4 23. Nxe6 Bh6 24. Nd8 Rc8 25. Bxf7+ Kg7 26. Ba2 Bd7
27. Bxb6 Bf4 28. Ne6+ Bxe6 29. Bxe6 Rc6 30. Bd4+ Nf6 31. Re1 g5 32. g3 Bb8 33.
Bd5 Rd6 34. Re7+ Kg6 35. Bf7+ Kg7 36. g4 Kf8 37. Rb7 Nd7 38. Bb3 Ke8 39. Ba4
1-0

[Event "Detroit (MI Op/1a/6)"]
[Site "?"]
[Date "1992.??.??"]
[Round "?"]
[White "Thompson, Dexter"]
[Black "Brattin, Vincent"]
[Result "0-1"]
[WhiteElo "2315"]
[BlackElo "1940"]
[PlyCount "104"]
[EventDate "1992.??.??"]

1. e4 c6 2. d4 d5 3. Nc3 dxe4 4. Nxe4 Bf5 5. Ng3 Bg6 6. h4 h6 7. Nf3 e6 8. Ne5
Bh7 9. Qh5 Qe7 10. c3 Nf6 11. Qd1 Qd8 12. Qb3 Qb6 13. Nc4 Qxb3 14. axb3 Nd5 15.
Nh5 Nd7 16. Rh3 Bf5 17. Rg3 g6 18. Nf4 N7f6 19. Be2 Kd7 20. Ne5+ Ke8 21. Nxd5
Nxd5 22. Nc4 Kd7 23. h5 g5 24. Ne5+ Ke8 25. Rf3 Bg7 26. Nxf7 Kxf7 27. g4 Ne7
28. Bd3 Kf6 29. gxf5 exf5 30. Bxf5 Nxf5 31. Ra5 b5 32. Ra6 Rhe8+ 33. Kf1 Re6
34. c4 Bf8 35. Bd2 c5 36. Ra5 cxd4 37. cxb5 Rb6 38. Ra4 Ke5 39. Ra1 Rxb5 40.
Re1+ Kf6 41. Kg2 Bb4 42. Bxb4 Rxb4 43. Rc1 Re8 44. Rc6+ Re6 45. Rc7 a5 46. Rc8
Re5 47. Rf8+ Ke6 48. Kh3 g4+ 49. Kxg4 d3+ 50. Kh3 d2 51. Rd8 Rd5 52. Re8+ Kd7
0-1

[Event "Lansing (Apr)"]
[Site "?"]
[Date "1992.??.??"]
[Round "?"]
[White "Thompson, Dexter"]
[Black "Baze, Lineas"]
[Result "1-0"]
[WhiteElo "2285"]
[BlackElo "2055"]
[PlyCount "65"]
[EventDate "1992.??.??"]

1. e4 c5 2. c3 d5 3. exd5 Qxd5 4. d4 Nf6 5. Nf3 Bg4 6. Be2 e6 7. O-O Be7 8.
Qa4+ Nc6 9. c4 Qd7 10. dxc5 Bxc5 11. Rd1 Qc7 12. a3 O-O 13. b4 Nd4 14. Nxd4
Bxd4 15. Rxd4 Qe5 16. Be3 Bxe2 17. Nc3 Bh5 18. h3 Rfd8 19. Qxa7 Qc7 20. Rxd8+
Qxd8 21. Qxb7 h6 22. c5 Rb8 23. Qa7 Ra8 24. Qb6 Qd3 25. Nb5 Nd5 26. Qb7 Rd8 27.
Re1 Be2 28. Nd6 Nxe3 29. Qxf7+ Kh8 30. fxe3 e5 31. Qf2 Bh5 32. Qh4 Rxd6 33.
cxd6 1-0

[Event "Detroit (MOR/3/63)"]
[Site "?"]
[Date "1992.??.??"]
[Round "?"]
[White "Thomas, Oscar"]
[Black "Williams, Duane"]
[Result "0-1"]
[WhiteElo "1605"]
[BlackElo "1635"]
[PlyCount "144"]
[EventDate "1992.??.??"]

{3/(63)} 1. d4 Nf6 2. c4 e6 3. Nc3 Bb4 4. Bd2 b6 5. a3 Bxc3 6. Bxc3 Ne4 7. Nf3
Nxc3 8. bxc3 Bb7 9. d5 Qf6 10. Qd4 Qxd4 11. Nxd4 exd5 12. cxd5 Bxd5 13. Rd1 Be6
14. e4 O-O 15. Bd3 g6 16. O-O c5 17. Nb5 Na6 18. Nd6 Nc7 19. f4 Bb3 20. Rd2
Rab8 21. f5 b5 22. fxg6 hxg6 23. Rdf2 Be6 24. e5 c4 25. Be4 Nd5 26. Bxd5 Bxd5
27. Rf4 Be6 28. Rd1 Rb6 29. Ne4 Ra6 30. Nf6+ Kg7 31. Rh4 Rh8 32. Rxh8 Kxh8 33.
Ra1 d6 34. exd6 Rxd6 35. Kf2 Rd2+ 36. Ke1 Rxg2 37. Rd1 Rg1+ 38. Kd2 Rxd1+ 39.
Kxd1 Kg7 40. Ne4 f5 41. Ng5 Kf6 42. h4 Ke5 43. Ke2 Bd5 44. Nh7 Kf4 45. Kf2 Bf7
46. Ng5 Be8 47. Ne6+ Kg4 48. Nf8 Kxh4 49. Nh7 g5 50. Nf6 Bc6 51. Ng8 Be4 52.
Nf6 Kh3 53. Nh5 Kh2 54. Ng3 Bd3 55. Nh5 g4 56. Nf4 g3+ 57. Ke3 g2 58. Nxg2 Kxg2
59. Kf4 Kf2 60. Ke5 Ke3 61. Kd5 f4 62. Kc5 f3 63. Kxb5 f2 64. Ka6 f1=Q 65. Kxa7
Qa1 66. Kb6 Qxa3 67. Kb5 Qxc3 68. Kc5 Qa5+ 69. Kc6 c3 70. Kb7 c2 71. Kb8 c1=Q
72. Kb7 Qcc7# 0-1

[Event "Detroit (MOR/2/78)"]
[Site "?"]
[Date "1992.??.??"]
[Round "?"]
[White "Thomas, Oscar"]
[Black "Raupp, Helene"]
[Result "1-0"]
[WhiteElo "1605"]
[BlackElo "1625"]
[PlyCount "137"]
[EventDate "1992.??.??"]

{2/(78)} 1. d4 e6 2. c4 f5 3. Nc3 Bb4 4. Bd2 Nf6 5. a3 Bxc3 6. Bxc3 b6 7. Nf3
O-O 8. Qc2 Bb7 9. e3 d6 10. O-O-O Nbd7 11. Bd3 Ne4 12. Bxe4 Bxe4 13. Qd2 Qe8
14. Ng5 Nf6 15. f3 Bb7 16. h4 h6 17. Nh3 Qa4 18. Nf4 Qxc4 19. Qc2 Rae8 20. Bb4
Qxc2+ 21. Kxc2 a5 22. Bc3 Nd5 23. Kd2 Nxf4 24. exf4 Bd5 25. Rc1 Ra8 26. Ke3 b5
27. Rhg1 h5 28. g4 hxg4 29. fxg4 a4 30. Bb4 Bc4 31. g5 Rfe8 32. g6 Rad8 33.
Rcd1 Kf8 34. h5 Ke7 35. Bc3 Bd5 36. Rd2 Rh8 37. Rh2 Rh6 38. Be1 Rdh8 39. Rg5 c5
40. dxc5 dxc5 41. Bc3 Rg8 42. Be1 Kd6 43. Bc3 Bb3 44. Rd2+ Kc6 45. Be5 Bd5 46.
Kd3 b4 47. axb4 cxb4 48. Rc2+ Kb5 49. Rc7 Bf3 50. Rxg7 Rxg7 51. Bxg7 Rxh5 52.
Rg1 Bc6 53. Be5 Be4+ 54. Kd4 Rh3 55. Rd1 Rg3 56. g7 b3 57. Bf6 a3 58. Bg5 axb2
59. g8=Q Rd3+ 60. Rxd3 Bxd3 61. Qb8+ Kc6 62. Qc8+ Kd6 63. Qc5+ Kd7 64. Qa7+ Kc6
65. Qa8+ Kb5 66. Qb7+ Ka5 67. Bd8+ Ka4 68. Qa7+ Kb5 69. Qb6+ 1-0

[Event "Detroit (MOR/6/75)"]
[Site "?"]
[Date "1992.??.??"]
[Round "?"]
[White "Thomas, Oscar"]
[Black "Nicolli, Randy"]
[Result "0-1"]
[WhiteElo "1605"]
[BlackElo "1605"]
[PlyCount "72"]
[EventDate "1992.??.??"]

{6/(75)} 1. d4 f5 2. c4 e6 3. Nc3 d5 4. Bf4 c6 5. a3 Nf6 6. f3 Nh5 7. Qd2 Nxf4
8. Qxf4 Bd6 9. Qe3 f4 10. Qf2 Nd7 11. e4 fxe3 12. Qxe3 Qh4+ 13. Qf2 Qh6 14. Bd3
O-O 15. Nge2 Nf6 16. Ng3 Ng4 17. Qc2 Bxg3+ 18. hxg3 Qxh1+ 19. Bf1 Ne3 20. Qf2
Nxc4 21. O-O-O Qh6+ 22. f4 b5 23. Bd3 a5 24. Rg1 Qf6 25. Rh1 g6 26. Bxc4 bxc4
27. Re1 Bd7 28. Re5 c5 29. dxc5 Qxe5 30. Qc2 Qe1+ 31. Nd1 Qxg3 32. Nc3 Rxf4 33.
Ne2 Rf1+ 34. Kd2 Qg5+ 35. Kc3 Qe3+ 36. Qd3 Qxd3# 0-1

[Event "Detroit (MI Op/5/30)"]
[Site "?"]
[Date "1992.??.??"]
[Round "?"]
[White "Thomas, Henry"]
[Black "Triplett, Thomas"]
[Result "0-1"]
[WhiteElo "1765"]
[BlackElo "1915"]
[PlyCount "46"]
[EventDate "1992.??.??"]

{5/(30)} 1. e4 c5 2. f4 g6 3. Nf3 Bg7 4. Bc4 e6 5. Nc3 Ne7 6. O-O O-O 7. d3
Nbc6 8. Be3 Nd4 9. e5 d5 10. Bb5 Nxf3+ 11. Qxf3 d4 12. Ne4 dxe3 13. Qxe3 Qd4
14. Rae1 Nf5 15. Qf2 a6 16. Bc4 b6 17. g4 Qxf2+ 18. Rxf2 Ne7 19. Nf6+ Kh8 20.
Re3 Bxf6 21. exf6 Nd5 22. Bxd5 exd5 23. Rh3 Bxg4 0-1

[Event "Detroit (MI Op/1b/13)"]
[Site "?"]
[Date "1992.??.??"]
[Round "?"]
[White "Thomas, Henry"]
[Black "Skidmore, Mike"]
[Result "1-0"]
[WhiteElo "1765"]
[BlackElo "1990"]
[PlyCount "95"]
[EventDate "1992.??.??"]

1. e4 c6 2. d4 d5 3. exd5 cxd5 4. c4 Nf6 5. c5 g6 6. Nc3 Bg7 7. Nf3 O-O 8. Be2
Nc6 9. Be3 Bg4 10. Ne5 Bxe2 11. Nxc6 Bxd1 12. Nxd8 Rfxd8 13. Rxd1 e6 14. b4 a5
15. b5 Nd7 16. Na4 e5 17. dxe5 Nxe5 18. Bd4 f6 19. Nb6 Rab8 20. Bxe5 fxe5 21.
Rxd5 Rxd5 22. Nxd5 Bf8 23. O-O Bxc5 24. Nf6+ Kf7 25. Nd7 Rc8 26. Nxe5+ Kg7 27.
Nd3 Bb6 28. Rc1 Rd8 29. Rc3 Rd5 30. a4 Rd4 31. Ra3 Bc5 32. Rc3 b6 33. Kf1 Bd6
34. Ke2 Rxa4 35. Rc6 Re4+ 36. Kf3 Re6 37. Rxb6 a4 38. Ra6 a3 39. b6 Bb8 40.
Rxa3 Rxb6 41. h4 Rf6+ 42. Ke2 Rc6 43. f4 Re6+ 44. Kf3 h5 45. Rb3 Bc7 46. Rb7
Rc6 47. Nb4 Rc3+ 48. Ke4 1-0

[Event "Detroit (MI Op/3/29)"]
[Site "?"]
[Date "1992.??.??"]
[Round "?"]
[White "Thomas, Henry"]
[Black "Moody, David"]
[Result "0-1"]
[WhiteElo "1765"]
[BlackElo "2000"]
[PlyCount "66"]
[EventDate "1992.??.??"]

{3/(29)} 1. e4 e5 2. Nf3 Nc6 3. Bc4 Nf6 4. Ng5 d5 5. exd5 Na5 6. Bb5+ c6 7.
dxc6 bxc6 8. Be2 h6 9. Nf3 e4 10. Ne5 Bd6 11. f4 Qc7 12. d4 exd3 13. Nxd3 Nd5
14. O-O O-O 15. b3 Bf5 16. c4 Bxd3 17. cxd5 Bxe2 18. Qxe2 cxd5 19. Qd3 Rfe8 20.
Nc3 Rad8 21. Kh1 Bc5 22. Bd2 Nc6 23. a3 Qe7 24. Rae1 Qd7 25. b4 Bb6 26. Rxe8+
Rxe8 27. Re1 Rxe1+ 28. Bxe1 Qe6 29. Bd2 d4 30. Ne2 Ne7 31. h3 Nf5 32. g4 Qxe2
33. Qxf5 Qd1+ 0-1

[Event "Jackson (Prison m)"]
[Site "?"]
[Date "1992.??.??"]
[Round "?"]
[White "Thomas, Henry"]
[Black "H, Steve"]
[Result "1-0"]
[WhiteElo "1880"]
[BlackElo "1605"]
[PlyCount "88"]
[EventDate "1992.??.??"]

1. e4 e5 2. Nf3 Nc6 3. Bc4 Bc5 4. b4 Bb6 5. b5 Na5 6. Bxf7+ Kxf7 7. Nxe5+ Kf8
8. O-O Bd4 9. Qh5 Qf6 10. Ng4 Qb6 11. c3 Bf6 12. a4 d6 13. Ba3 Bxg4 14. Qxg4
Nc4 15. Kh1 Ne7 16. d4 a6 17. bxa6 Qxa6 18. Bb4 Ne5 19. Qd1 N5g6 20. f4 b6 21.
e5 dxe5 22. fxe5 Kf7 23. exf6 gxf6 24. Bxe7 Nxe7 25. Qb3+ Kg7 26. Nd2 Qd3 27.
Qe6 Ng8 28. Ne4 Rf8 29. Qg4+ Kf7 30. Ng5+ Kg6 31. Ne6+ Kf7 32. Nxf8 Kxf8 33.
Qc8+ Kf7 34. Qxc7+ Ne7 35. Rae1 Re8 36. Qxb6 Nf5 37. Qc7+ Kg6 38. Qf4 Rxe1 39.
Rxe1 h5 40. Rf1 Qc2 41. a5 Qd3 42. a6 h4 43. a7 h3 44. Qxf5+ Qxf5 1-0

[Event "Detroit (MI Op/7/26)"]
[Site "?"]
[Date "1992.??.??"]
[Round "?"]
[White "Thomas, Henry"]
[Black "Forte, Joe"]
[Result "1/2-1/2"]
[WhiteElo "1765"]
[BlackElo "1940"]
[PlyCount "75"]
[EventDate "1992.??.??"]

{7/(26)} 1. e4 c5 2. f4 Nc6 3. Nf3 g6 4. Bc4 Bg7 5. O-O Nh6 6. Nc3 Na5 7. Be2
O-O 8. d3 Nc6 9. Qe1 f5 10. e5 d6 11. Bd1 e6 12. exd6 Qxd6 13. Qh4 Nf7 14. Nb5
Qd7 15. Re1 Re8 16. Qg3 e5 17. fxe5 Nfxe5 18. Nc3 b6 19. Bf4 Bb7 20. Nxe5 Nxe5
21. Kf1 Nc6 22. Bf3 Nd4 23. Bxb7 Qxb7 24. Qf2 Qc6 25. Rxe8+ Rxe8 26. Re1 Rxe1+
27. Kxe1 Qe6+ 28. Kd2 Kf7 29. Qe3 Qxe3+ 30. Bxe3 Be5 31. h3 f4 32. Bxd4 Bxd4
33. b3 Be5 34. Ne4 h6 35. Ke2 Ke6 36. c3 Kf5 37. Kf3 g5 38. g3 1/2-1/2

[Event "Detroit (MI Op/4/21)"]
[Site "?"]
[Date "1992.??.??"]
[Round "?"]
[White "Thomas, C."]
[Black "Steverson, Bunnard"]
[Result "1-0"]
[WhiteElo "2100"]
[BlackElo "1840"]
[PlyCount "65"]
[EventDate "1992.??.??"]

{4/(21)} 1. e4 c5 2. Nf3 Nc6 3. Bb5 Qc7 4. Nc3 e6 5. O-O a6 6. Bxc6 Qxc6 7. Re1
d6 8. d4 cxd4 9. Nxd4 Qc7 10. Bg5 Be7 11. Bxe7 Nxe7 12. Qd2 O-O 13. Rad1 b5 14.
Re3 Bb7 15. Nce2 d5 16. e5 Ng6 17. f4 Rac8 18. c3 Qe7 19. Rh3 f6 20. f5 exf5
21. e6 Qc5 22. Kh1 Rce8 23. Qd3 Ne7 24. Qg3 Bc8 25. Nf4 Qd6 26. Qh4 h6 27. Rf1
Qe5 28. Rg3 Kh7 29. Qh5 g5 30. Rh3 Ng8 31. Qg6+ Kh8 32. Nxf5 Qc7 33. Nxh6 1-0

[Event "Detroit (MI Op/6/16)"]
[Site "?"]
[Date "1992.??.??"]
[Round "?"]
[White "Thomas, C."]
[Black "Perry, R."]
[Result "1/2-1/2"]
[WhiteElo "2100"]
[BlackElo "1980"]
[PlyCount "164"]
[EventDate "1992.??.??"]

{6/(16)} 1. e4 Nc6 2. d4 d5 3. e5 Bf5 4. Bb5 Qd7 5. Nf3 a6 6. Ba4 Bg4 7. c3 e6
8. Nbd2 Be7 9. h3 Bh5 10. g4 Bg6 11. Bc2 Nb8 12. h4 c5 13. Nf1 Nc6 14. Ng3 cxd4
15. cxd4 Rc8 16. Bxg6 hxg6 17. Bd2 Nb4 18. Bc3 Qb5 19. Qe2 Qc4 20. Qxc4 Rxc4
21. Ke2 Nh6 22. g5 Nf5 23. Nxf5 gxf5 24. a3 Nc6 25. Nd2 Ra4 26. b4 Na7 27. Nb3
Nb5 28. Bb2 b6 29. f4 g6 30. Nc1 a5 31. Nd3 Kd7 32. Kd2 axb4 33. axb4 Rha8 34.
Kc2 Rxa1 35. Bxa1 Na3+ 36. Kb3 Nc4 37. Bb2 Rh8 38. Bc1 Kc6 39. Ne1 Kb5 40. Nc2
Bd8 41. Rh2 Be7 42. Rh3 Kc6 43. Be3 Kb5 44. Bf2 Nd2+ 45. Kb2 Bxb4 46. Nxb4 Kxb4
47. Be1 Kc4 48. Bxd2 Kxd4 49. Kb3 Ke4 50. Kc2 d4 51. Kd1 b5 52. Ke2 Kd5 53. Kd3
Ra8 54. Bc1 Ra1 55. Kc2 Kc4 56. h5 gxh5 57. Rxh5 Ra2+ 58. Kb1 Rf2 59. Rh1 Kc3
60. Rd1 b4 61. Rh1 Re2 62. Rh7 d3 63. Rxf7 d2 64. Bxd2+ Rxd2 65. Rc7+ Kb3 66.
Kc1 Rf2 67. Rc6 Rxf4 68. Rxe6 Rg4 69. g6 Rg1+ 70. Kd2 Kb2 71. Rf6 b3 72. e6
Rg2+ 73. Kd3 Rg3+ 74. Ke2 Kc2 75. e7 b2 76. e8=Q b1=Q 77. Qa4+ Qb3 78. Rc6+ Kb1
79. Qxb3+ Rxb3 80. g7 Rg3 81. Rc7 Kb2 82. Kf2 f4 1/2-1/2

[Event "Detroit (MI Op/2/18)"]
[Site "?"]
[Date "1992.??.??"]
[Round "?"]
[White "Thomas, C."]
[Black "Paldan, G."]
[Result "0-1"]
[WhiteElo "2100"]
[BlackElo "1810"]
[PlyCount "80"]
[EventDate "1992.??.??"]

{2/(18)} 1. e4 c5 2. Nf3 a6 3. d4 cxd4 4. Nxd4 Nf6 5. Nc3 e5 6. Nf3 Bb4 7. Bd2
Nc6 8. Nd5 Bxd2+ 9. Nxd2 Nxd5 10. exd5 Ne7 11. c4 d6 12. Qa4+ Bd7 13. Qa3 Bf5
14. Be2 O-O 15. g4 Bg6 16. h4 f5 17. h5 Be8 18. g5 g6 19. Qh3 gxh5 20. Bxh5 Ng6
21. Bd1 Qe7 22. Bc2 Nf4 23. Qh6 Bg6 24. Rg1 Rac8 25. Rc1 b5 26. b3 e4 27. Rg3
Nd3+ 28. Bxd3 exd3+ 29. Re3 Qa7 30. Rxd3 f4 31. Rh3 Rfe8+ 32. Kf1 Qd4 33. Nf3
Qb2 34. Rd1 Qe2+ 35. Kg2 Qxd1 36. Nh4 Be4+ 37. Nf3 Bxf3+ 38. Rxf3 Re1 39. Qxd6
Rg1+ 40. Kh2 Rh1+ 0-1

[Event "Ann Arbor (HVA/2/9)"]
[Site "?"]
[Date "1992.??.??"]
[Round "?"]
[White "Thomas, A."]
[Black "Wong, A."]
[Result "0-1"]
[WhiteElo "1605"]
[BlackElo "1725"]
[PlyCount "129"]
[EventDate "1992.??.??"]

{2/(9)} 1. d4 Nf6 2. Nf3 g6 3. e3 d5 4. Bd3 Bg7 5. Nc3 O-O 6. O-O Nbd7 7. e4 e6
8. e5 Ne8 9. Bf4 c5 10. Bb5 Nc7 11. Bxd7 Bxd7 12. dxc5 Na6 13. Qd4 Rc8 14. b4
Nb8 15. Rad1 Qc7 16. Rfe1 Nc6 17. Qd2 Nxb4 18. Nb5 Bxb5 19. Qxb4 Qxc5 20. Bd2
Qxb4 21. Bxb4 Rfd8 22. c3 Rc6 23. Rc1 Rdc8 24. Nd4 Rb6 25. f4 Bc4 26. a3 Bf8
27. Re3 Bxb4 28. cxb4 Kf8 29. Rec3 Ke7 30. Kf2 Rd8 31. Ke3 a5 32. bxa5 Ra6 33.
Nb3 Rd7 34. Kd4 Bxb3 35. Rxb3 Rxa5 36. Rcc3 Ra4+ 37. Rb4 b5 38. Rxa4 bxa4 39.
Rc8 Rb7 40. Ra8 Rb2 41. Ra7+ Kf8 42. Rxa4 Rxg2 43. Ra8+ Kg7 44. Ra4 Rxh2 45.
Rb4 h5 46. a4 Rh1 47. a5 Ra1 48. Rb7 Kf8 49. Rb8+ Ke7 50. Ra8 h4 51. Rh8 Rxa5
52. Rxh4 Kf8 53. Rh8+ Ke7 54. Rh2 Ra4+ 55. Kd3 Rxf4 56. Re2 f5 57. Kd2 g5 58.
Kd3 Rg4 59. Kd2 Re4 60. Rxe4 dxe4 61. Ke2 f4 62. Kf2 g4 63. Kf1 f3 64. Kg1 e3
65. Kf1 0-1

[Event "Ann Arbor (HVA/5/14)"]
[Site "?"]
[Date "1992.??.??"]
[Round "?"]
[White "Thomas, A."]
[Black "Mansour, K."]
[Result "0-1"]
[WhiteElo "1605"]
[BlackElo "1605"]
[PlyCount "90"]
[EventDate "1992.??.??"]

{5/(14)} 1. d4 Nf6 2. Nf3 g6 3. e3 Bg7 4. Bd3 Nc6 5. Nc3 d5 6. O-O Bg4 7. e4
Nxd4 8. Be2 Nxf3+ 9. Bxf3 Bxf3 10. Qxf3 Nxe4 11. Nxe4 dxe4 12. Qxe4 Qd7 13.
Qxb7 O-O 14. Qf3 Qa4 15. b3 Qa6 16. Rb1 Qxa2 17. Be3 Qxc2 18. Rfc1 Qd3 19. Rd1
Qc3 20. Rdc1 Qd3 21. Qc6 a6 22. Qxc7 Rac8 23. Qxc8 Rxc8 24. Rxc8+ Bf8 25. Rbc1
Kg7 26. Bh6+ Kxh6 27. Rxf8 Qxb3 28. h3 e5 29. Re1 Qb4 30. Rxe5 Qxf8 31. Ra5 Qc8
32. Kh2 Qc7+ 33. Re5 Qxe5+ 34. g3 g5 35. Kg2 f5 36. h4 Qe4+ 37. Kh2 gxh4 38.
gxh4 Qxh4+ 39. Kg2 Qe4+ 40. Kh2 Kh5 41. Kg3 f4+ 42. Kh2 Kg4 43. Kg1 Qe1+ 44.
Kg2 f3+ 45. Kh2 Qxf2+ 0-1

[Event "Detroit (MOR/2/97)"]
[Site "?"]
[Date "1992.??.??"]
[Round "?"]
[White "Thomas, A."]
[Black "Golingai, P."]
[Result "0-1"]
[WhiteElo "1605"]
[BlackElo "1605"]
[PlyCount "56"]
[EventDate "1992.??.??"]

{2/(97)} 1. e4 e6 2. Nf3 d5 3. Nc3 c5 4. d4 Nf6 5. Bb5+ Bd7 6. Bg5 h6 7. Bxf6
Qxf6 8. e5 Qd8 9. O-O Nc6 10. Ne2 Qb6 11. c4 a6 12. cxd5 axb5 13. dxc6 Bxc6 14.
Nf4 Rd8 15. Qe2 cxd4 16. Rfd1 Bc5 17. Nd3 Be7 18. Rac1 O-O 19. a3 Rd7 20. Nb4
Bxf3 21. Qxf3 Bxb4 22. axb4 Rfd8 23. Rd3 Rd5 24. Qf4 Qa7 25. Rc7 Qa1+ 26. Qc1
Qxc1+ 27. Rxc1 Rxe5 28. Rc7 Re1# 0-1

[Event "Detroit (MOR/6/107)"]
[Site "?"]
[Date "1992.??.??"]
[Round "?"]
[White "Thomas, A."]
[Black "Caron, L."]
[Result "1-0"]
[WhiteElo "1605"]
[BlackElo "1605"]
[PlyCount "43"]
[EventDate "1992.??.??"]

{6/(107)} 1. e4 c5 2. Nf3 Nc6 3. Bc4 e6 4. Nc3 Nf6 5. e5 d5 6. Bb5 Bd7 7. Bxc6
Bxc6 8. exf6 Qxf6 9. d4 c4 10. Bg5 Qf5 11. Qd2 h6 12. Bf4 O-O-O 13. O-O-O Bd6
14. Bxd6 Rxd6 15. Ne5 g5 16. g4 Qf6 17. Qe2 Qe7 18. Qf3 Rf8 19. Nxc6 Rxc6 20.
Nb5 b6 21. Qa3 Kb8 22. Qxe7 1-0